000 00362nam a2200133Ia 4500
008 191014s9999 xx 000 0 und d
020 _a81-8128-408-9
082 _a3.85
_bALL
100 _aKathleen T. Alligood
_920435
245 0 _aChaos an Introduction to Dynamical Systems
260 _aNew York
_bSpringer-Verlag
_c1996
300 _aXvii,603
942 _cBK
999 _c531017
_d531017